000 00739nam a22001937a 4500
003 OSt
005 20260310235947.0
008 260310b |||||||| |||| 00| 0 eng d
040 _aDWCL GS lib
_cOC
100 _aMontgomery L. M.
245 _aAnne of Windy Poplars
_cL. M. Montgomery
260 _aNew York
_bBantam Books
_cc1998.
300 _avii. 258 pages
_c17 cm.
520 _aThis book follows Anne Shirley during a three-year engagement gap, acting as principal of Summerside High School while Gilbert Blythe finishes medical school.
650 _aovercoming social antagonism from the "Pringle" clan
650 _anavigating small-town life
650 _aforming new friendships with eccentric residents
942 _2ddc
_cFIC.
_n0
999 _c8892
_d8892